Chăm sóc dược : Sách đào tạo dược sĩ và học viên sau đại học

Những kiến thức cơ bản cần nắm vững trước khi thực hành và các bài seminar mà cho cả việc thực hành trong lâm sàng với tư cách DSLS.

Spremljeno u:
Bibliografski detalji
Glavni autor: Hoàng Thị Kim Huyền (Biên soạn)
Format: Knjiga
Jezik:Vietnamese
Izdano: H. Y học 2015
Izdanje:Tái bản lần thứ 1, có sửa chữa và bổ sung
Teme:
Oznake: Dodaj oznaku
Bez oznaka, Budi prvi tko označuje ovaj zapis!
Thư viện lưu trữ: Thư viện Trường Đại học Nam Cần Thơ
LEADER 02499nam a22003257a 4500
001 NCT_64778
008 190619b xxu||||| |||| 00| 0 vie d
999 |c 3137  |d 3137 
020 |a 9786046613664  |c 77000 
082 0 4 |2 23rd ed.  |a 615  |b H527 
100 1 |a Hoàng Thị Kim Huyền  |e Biên soạn 
245 1 0 |a Chăm sóc dược  |b : Sách đào tạo dược sĩ và học viên sau đại học  |c Hoàng Thị Kim Huyền (biên soạn)  
250 |a Tái bản lần thứ 1, có sửa chữa và bổ sung 
260 |a H.  |b Y học  |c 2015 
300 |a 267 tr.  |b Bảng  |c 27cm 
500 |a ĐTTS ghi: Bộ Y tế 
520 3 |a Những kiến thức cơ bản cần nắm vững trước khi thực hành và các bài seminar mà cho cả việc thực hành trong lâm sàng với tư cách DSLS. 
653 |a Dược học 
942 |2 ddc  |c BK 
952 |0 0  |1 0  |2 ddc  |4 0  |6 615_000000000000000_H527  |7 0  |9 16931  |a 000001  |b 000001  |d 2019-06-19  |o 615 H527  |p MD.15683  |r 2019-06-19  |v 77000.00  |w 2019-06-19  |y BK 
952 |0 0  |1 0  |2 ddc  |4 0  |6 615_000000000000000_H527  |7 0  |9 16932  |a 000001  |b 000001  |d 2019-06-19  |o 615 H527  |p MD.15684  |r 2019-06-19  |v 77000.00  |w 2019-06-19  |y BK 
952 |0 0  |1 0  |2 ddc  |4 0  |6 615_000000000000000_H527  |7 0  |9 16933  |a 000001  |b 000001  |d 2019-06-19  |o 615 H527  |p MD.15685  |r 2019-06-19  |v 77000.00  |w 2019-06-19  |y BK 
952 |0 0  |1 0  |2 ddc  |4 0  |6 615_000000000000000_H527  |7 0  |9 16934  |a 000001  |b 000001  |d 2019-06-19  |l 1  |o 615 H527  |p MD.15686  |r 2021-01-12  |s 2021-01-07  |v 77000.00  |w 2019-06-19  |y BK 
952 |0 0  |1 0  |2 ddc  |4 0  |6 615_000000000000000_H527  |7 0  |9 16935  |a 000001  |b 000001  |d 2019-06-19  |o 615 H527  |p MD.15687  |r 2019-06-19  |v 77000.00  |w 2019-06-19  |y BK 
952 |0 0  |1 0  |2 ddc  |4 0  |6 615_000000000000000_H527  |7 0  |9 16936  |a 000001  |b 000001  |d 2019-06-19  |o 615 H527  |p MD.15688  |r 2019-06-19  |v 77000.00  |w 2019-06-19  |y BK 
952 |0 0  |1 0  |2 ddc  |4 0  |6 615_000000000000000_H527  |7 0  |9 16937  |a 000001  |b 000001  |d 2019-06-19  |o 615 H527  |p MD.15689  |r 2019-06-19  |v 77000.00  |w 2019-06-19  |y BK 
952 |0 0  |1 0  |2 ddc  |4 0  |6 615_000000000000000_H527  |7 0  |9 16938  |a 000001  |b 000001  |d 2019-06-19  |o 615 H527  |p MD.15690  |r 2019-06-19  |v 77000.00  |w 2019-06-19  |y BK 
952 |0 0  |1 0  |2 ddc  |4 0  |6 615_000000000000000_H527  |7 0  |9 16939  |a 000001  |b 000001  |d 2019-06-19  |o 615 H527  |p MD.15691  |r 2019-06-19  |v 77000.00  |w 2019-06-19  |y BK 
952 |0 0  |1 0  |2 ddc  |4 0  |6 615_000000000000000_H527  |7 0  |9 16940  |a 000001  |b 000001  |d 2019-06-19  |o 615 H527  |p MD.15692  |r 2019-06-19  |v 77000.00  |w 2019-06-19  |y BK 
980 |a Thư viện Trường Đại học Nam Cần Thơ